000
00301nam a2200133Ia 4500
005
20251222144921.0
008
251222s9999||||xx |||||||||||||| ||spa||
020
_a
0-7131-8131-1
082
_a
428/H22Y
100
_a
Harkess, Shiona
245
0
_a
You're Welcome!:
264
_b
Nelson
942
_c
LIB
999
_c
22733
_d
22733